[Event "4NCL/Div1/SWD1 vs. HKF1"]
[Site "Coventry ENG"]
[Date "2006.11.11"]
[Round "3.5"]
[White "Zeidler, Sven P"]
[Black "Hanley, Craig A"]
[Result "0-1"]
[WhiteElo "2232"]
[BlackElo "2427"]
[PlyCount "100"]
[EventDate "2006.11.11"]
[EventType "team"]
[EventRounds "11"]
[EventCountry "ENG"]
[WhiteTeam "S W Dragons 1"]
[BlackTeam "H Kingfisher 1"]

1. e4 e5 2. Nf3 Nc6 3. c3 d5 4. Qa4 Bd7 5. exd5 Nd4 6. Qd1 Nxf3+ 7. Qxf3 Nf6 8.
Bc4 e4 9. Qe2 Bd6 10. d4 h6 11. h3 O-O 12. Be3 Nh7 13. g4 f5 14. gxf5 Bxf5 15.
Nd2 Qh4 16. O-O-O Ng5 17. Bxg5 hxg5 18. Rdg1 Rae8 19. Bb5 Re7 20. Nc4 Bc8 21.
Nxd6 cxd6 22. Qe3 Rxf2 23. Qxg5 Qxg5+ 24. Rxg5 a6 25. Ba4 e3 26. Re1 Bf5 27.
Rg3 e2 28. Kd2 Rh2 29. Re3 Rxe3 30. Kxe3 Rxh3+ 31. Kd2 Be4 32. Bb3 Bf3 33. Bc4
Kf7 34. Bxe2 Bxd5 35. c4 Be4 36. Rf1+ Ke7 37. Rf4 d5 38. Rg4 g6 39. cxd5 Bf5
40. Rg1 Kd6 41. Bc4 b5 42. Bf1 Rh2+ 43. Kc3 Rc2+ 44. Kb3 Rc1 45. a4 Bd3 46. Rg3
Bc2+ 47. Kb4 Rxf1 48. Rc3 Be4 49. axb5 axb5 50. Kxb5 Kxd5 0-1

[Event "4NCL/Div1/SWD1 vs. HKF1"]
[Site "Coventry ENG"]
[Date "2006.11.11"]
[Round "3.6"]
[White "Houska, Jovanka"]
[Black "James, David J"]
[Result "1/2-1/2"]
[WhiteElo "2364"]
[BlackElo "2216"]
[PlyCount "76"]
[EventDate "2006.11.11"]
[EventType "team"]
[EventRounds "11"]
[EventCountry "ENG"]
[WhiteTeam "H Kingfisher 1"]
[BlackTeam "S W Dragons 1"]

1. e4 c5 2. Nf3 d6 3. d4 cxd4 4. Nxd4 Nf6 5. Nc3 a6 6. Be3 e5 7. Nf3 Be7 8. Bc4
O-O 9. O-O Be6 10. Qe2 Qc8 11. Bb3 Bxb3 12. axb3 Nbd7 13. Rfd1 Qc6 14. Bg5 h6
15. Nd5 Rfe8 16. Bxf6 Nxf6 17. Nxf6+ Bxf6 18. Ne1 a5 19. Rd5 b6 20. c3 Be7 21.
Qb5 Qb7 22. Nc2 Rec8 23. Ne3 Rc6 24. h3 g6 25. Rad1 Qc7 26. Rxe5 dxe5 27. Nd5
Rd8 28. Nxe7+ Qxe7 29. Rxd8+ Qxd8 30. Qxc6 Qd1+ 31. Kh2 Qxb3 32. Qe8+ Kh7 33.
Kg3 b5 34. f3 a4 35. Kg4 Qxb2 36. Qxf7+ Kh8 37. Qf8+ Kh7 38. Qf7+ Kh8 1/2-1/2

[Event "4NCL/Div1/SWD1 vs. HKF1"]
[Site "Coventry ENG"]
[Date "2006.11.11"]
[Round "3.7"]
[White "Morris, Charles F"]
[Black "Crouch, Colin"]
[Result "1-0"]
[WhiteElo "2214"]
[BlackElo "2366"]
[PlyCount "75"]
[EventDate "2006.11.11"]
[EventType "team"]
[EventRounds "11"]
[EventCountry "ENG"]
[WhiteTeam "S W Dragons 1"]
[BlackTeam "H Kingfisher 1"]

1. Nf3 Nf6 2. c4 b6 3. Nc3 Bb7 4. d3 e6 5. e4 d5 6. Qa4+ c6 7. Bg5 Be7 8. Be2
O-O 9. O-O Nbd7 10. Rfe1 h6 11. Bh4 Nc5 12. Qc2 a5 13. e5 Nfd7 14. Bxe7 Qxe7
15. d4 Na6 16. cxd5 exd5 17. Qf5 Qe6 18. Bd3 Qxf5 19. Bxf5 Rad8 20. Rac1 Nc7
21. Bxd7 Rxd7 22. Na4 Na8 23. Re3 Re7 24. Nh4 Bc8 25. f4 g6 26. Rb3 b5 27. Nc5
Nc7 28. Rf3 Kh7 29. f5 gxf5 30. Nb3 a4 31. Na5 c5 32. Rxc5 Ne6 33. Nxf5 Ra7 34.
Rxb5 Ng5 35. Rf4 Ne4 36. Nd6 Ba6 37. Rxd5 Bd3 38. Nxe4 1-0

[Event "4NCL/Div1/SWD1 vs. HKF1"]
[Site "Coventry ENG"]
[Date "2006.11.11"]
[Round "3.8"]
[White "Burrows, Martin P"]
[Black "Wilson, Julie"]
[Result "1-0"]
[WhiteElo "2215"]
[BlackElo "1938"]
[PlyCount "75"]
[EventDate "2006.11.11"]
[EventType "team"]
[EventRounds "11"]
[EventCountry "ENG"]
[WhiteTeam "H Kingfisher 1"]
[BlackTeam "S W Dragons 1"]

1. e4 e6 2. d4 d5 3. Nc3 Nf6 4. Bg5 dxe4 5. Nxe4 Be7 6. Bxf6 Bxf6 7. Nf3 O-O 8.
c3 Nd7 9. Bd3 b6 10. Qe2 Bb7 11. O-O-O Be7 12. Kb1 Qe8 13. h4 Rc8 14. Nfg5 h6
15. Nh7 f5 16. Nxf8 Nxf8 17. Ng3 Bd6 18. Rhg1 Ng6 19. Bc4 Nf4 20. Qf1 Qg6 21.
Ne2 Nd5 22. Bd3 Qf6 23. g3 a6 24. Nc1 b5 25. Nb3 Qe7 26. Qe2 Re8 27. Rge1 f4
28. Qg4 Nf6 29. Qh3 Bf3 30. Rd2 Bg4 31. Qg2 fxg3 32. fxg3 Nd5 33. Rf2 Nf6 34.
Nd2 c5 35. Ne4 Nh5 36. Nxd6 Qxd6 37. Qe4 Nf6 38. Rxf6 1-0

[Event "4NCL/Div1/HKF1 vs. GUI2"]
[Site "Coventry ENG"]
[Date "2006.11.12"]
[Round "4.2"]
[White "Hebden, Mark L"]
[Black "Wells, Peter K"]
[Result "0-1"]
[WhiteElo "2545"]
[BlackElo "2486"]
[PlyCount "96"]
[EventDate "2006.11.12"]
[EventType "team"]
[EventRounds "11"]
[EventCountry "ENG"]
[WhiteTeam "Guildford-ADC 2"]
[BlackTeam "H Kingfisher 1"]

1. d4 Nf6 2. Nf3 d5 3. c4 e6 4. Bg5 dxc4 5. Qa4+ Nbd7 6. e4 a6 7. Bxc4 Rb8 8.
Qc2 b5 9. Be2 Bb7 10. Nbd2 Be7 11. a4 O-O 12. axb5 axb5 13. O-O c5 14. Bxf6
gxf6 15. Bxb5 cxd4 16. Nxd4 Nc5 17. Qc3 Nxe4 18. Nxe4 Bxe4 19. Rfe1 f5 20. Rad1
Qb6 21. Bc6 Bf6 22. Bxe4 fxe4 23. Rxe4 Rfd8 24. Qg3+ Kh8 25. Qf3 Bg7 26. Rh4
Rxd4 27. Rdxd4 Bxd4 28. Qxf7 Bg7 29. Qg6 h6 30. Rxh6+ Bxh6 31. Qxh6+ Kg8 32.
Qg6+ Kf8 33. Qf6+ Ke8 34. h4 Qd6 35. Qg6+ Kd7 36. h5 Rb5 37. Qg7+ Kc6 38. Qg4
Rc5 39. Qe4+ Qd5 40. Qg4 Qe5 41. Qf3+ Qd5 42. Qe2 Kc7 43. g4 Rc1+ 44. Kh2 e5
45. Kg3 Rg1+ 46. Kh4 e4 47. Qc2+ Kb7 48. Qa4 Rh1+ 0-1

[Event "4NCL/Div1/HKF1 vs. GUI2"]
[Site "Coventry ENG"]
[Date "2006.11.12"]
[Round "4.3"]
[White "Williams, Simon K"]
[Black "Howell, David W L"]
[Result "0-1"]
[WhiteElo "2473"]
[BlackElo "2471"]
[PlyCount "90"]
[EventDate "2006.11.12"]
[EventType "team"]
[EventRounds "11"]
[EventCountry "ENG"]
[WhiteTeam "H Kingfisher 1"]
[BlackTeam "Guildford-ADC 2"]

1. d4 Nf6 2. c4 g6 3. Nc3 d5 4. cxd5 Nxd5 5. e4 Nxc3 6. bxc3 Bg7 7. Bc4 c5 8.
Ne2 Nc6 9. Be3 O-O 10. h4 cxd4 11. cxd4 Qa5+ 12. Kf1 Qa3 13. Bb3 Na5 14. h5 Bd7
15. hxg6 hxg6 16. Nf4 Nxb3 17. axb3 Qd6 18. e5 Qc6 19. Kg1 Rfd8 20. d5 Qc3 21.
Bd4 Qb4 22. d6 Bc6 23. Ne2 Bb5 24. Nc3 Bc6 25. Na2 Qa5 26. Nc3 Qb4 27. Na2 Qa5
28. Qg4 exd6 29. b4 Qd5 30. Nc3 Qe6 31. Qh4 b6 32. exd6 f6 33. b5 Bb7 34. Be3
Kf7 35. Bf4 Rh8 36. Qg3 g5 37. Bd2 Rxh1+ 38. Kxh1 Bf8 39. Re1 Bxd6 40. Qd3 Rh8+
41. Kg1 Bh2+ 42. Kf1 Be5 43. Kg1 Bxg2 44. Rxe5 Qg4 45. Qg3 Bf3 0-1

[Event "4NCL/Div1/HKF1 vs. GUI2"]
[Site "Coventry ENG"]
[Date "2006.11.12"]
[Round "4.4"]
[White "Pert, Nicholas"]
[Black "Greet, Andrew N"]
[Result "1-0"]
[WhiteElo "2502"]
[BlackElo "2439"]
[PlyCount "103"]
[EventDate "2006.11.12"]
[EventType "team"]
[EventRounds "11"]
[EventCountry "ENG"]
[WhiteTeam "Guildford-ADC 2"]
[BlackTeam "H Kingfisher 1"]

1. d4 Nf6 2. Nf3 e6 3. c4 b6 4. Nc3 Bb4 5. Bg5 Bb7 6. Nd2 Nc6 7. e3 Ne7 8. Bd3
Ng6 9. O-O Bxc3 10. bxc3 h6 11. Bxf6 Qxf6 12. Be4 Bxe4 13. Nxe4 Qf5 14. f3 Qa5
15. Qb3 Ne7 16. a4 Nf5 17. Kf2 Nd6 18. Nxd6+ cxd6 19. Qb4 Ke7 20. Qxa5 bxa5 21.
Ke2 Rhc8 22. Kd3 Rc6 23. Rfb1 a6 24. e4 Rac8 25. c5 dxc5 26. d5 exd5 27. exd5
Rg6 28. Ra2 Kd6 29. Kc4 Rg5 30. Rb6+ Kc7 31. Rxa6 Rh5 32. Rxa5 Rh4+ 33. g4 h5
34. Rxc5+ Kd8 35. Rxc8+ Kxc8 36. Rg2 f5 37. Kc5 hxg4 38. fxg4 f4 39. g5 Kc7 40.
d6+ Kb7 41. c4 Rh5 42. Rg4 Rxh2 43. Rxf4 Rg2 44. Rf5 g6 45. Rd5 Ra2 46. Kd4 Kc6
47. Ke5 Rf2 48. a5 Rf5+ 49. Ke4 Rf1 50. a6 Kb6 51. c5+ Kc6 52. Rd3 1-0

[Event "4NCL/Div1/HKF1 vs. GUI2"]
[Site "Coventry ENG"]
[Date "2006.11.12"]
[Round "4.5"]
[White "Hanley, Craig A"]
[Black "Wallace, John P"]
[Result "0-1"]
[WhiteElo "2427"]
[BlackElo "2418"]
[PlyCount "36"]
[EventDate "2006.11.12"]
[EventType "team"]
[EventRounds "11"]
[EventCountry "ENG"]
[WhiteTeam "H Kingfisher 1"]
[BlackTeam "Guildford-ADC 2"]

1. e4 e5 2. Nf3 Nc6 3. Bb5 a6 4. Ba4 Nf6 5. O-O b5 6. Bb3 Bc5 7. c3 d6 8. d4
Bb6 9. Bg5 h6 10. Bxf6 Qxf6 11. a4 Rb8 12. axb5 axb5 13. d5 Ne7 14. Na3 Bg4 15.
Nxb5 Ng6 16. Bc4 Nf4 17. Kh1 h5 18. g3 Nd3 0-1

[Event "4NCL/Div1/HKF1 vs. GUI2"]
[Site "Coventry ENG"]
[Date "2006.11.12"]
[Round "4.7"]
[White "Crouch, Colin"]
[Black "Povah, Nigel E"]
[Result "1/2-1/2"]
[WhiteElo "2366"]
[BlackElo "2358"]
[PlyCount "30"]
[EventDate "2006.11.12"]
[EventType "team"]
[EventRounds "11"]
[EventCountry "ENG"]
[WhiteTeam "H Kingfisher 1"]
[BlackTeam "Guildford-ADC 2"]

1. d4 Nf6 2. c4 e6 3. Nc3 c5 4. d5 exd5 5. cxd5 d6 6. e4 g6 7. f4 Bg7 8. Bb5+
Nbd7 9. a4 a6 10. Bd3 Qa5 11. Kf1 O-O 12. Nf3 Qd8 13. Kf2 Qc7 14. Re1 c4 15.
Bc2 Qb6+ 1/2-1/2

[Event "4NCL/Div1/HKF1 vs. GUI2"]
[Site "Coventry ENG"]
[Date "2006.11.12"]
[Round "4.8"]
[White "Lalic, Susan"]
[Black "Richards, Heather"]
[Result "1/2-1/2"]
[WhiteElo "2347"]
[BlackElo "2225"]
[PlyCount "37"]
[EventDate "2006.11.12"]
[EventType "team"]
[EventRounds "11"]
[EventCountry "ENG"]
[WhiteTeam "Guildford-ADC 2"]
[BlackTeam "H Kingfisher 1"]

1. e4 e6 2. d4 d5 3. Nc3 Bb4 4. exd5 exd5 5. Nf3 Nc6 6. a3 Ba5 7. Be2 Nge7 8.
O-O O-O 9. b4 Bb6 10. Na4 Bg4 11. Nxb6 axb6 12. c3 Ng6 13. Bg5 Qd6 14. h3 Bf5
15. Nh4 Nxh4 16. Bxh4 Rfe8 17. Bg3 Qd7 18. Bf3 Ne7 19. a4 1/2-1/2

[Event "4NCL/Div1/GUI1 vs. AD"]
[Site "Coventry ENG"]
[Date "2006.11.12"]
[Round "4.1"]
[White "Rowson, Jonathan"]
[Black "Chandler, Murray G"]
[Result "1-0"]
[WhiteElo "2588"]
[BlackElo "2540"]
[PlyCount "74"]
[EventDate "2006.11.12"]
[EventType "team"]
[EventRounds "11"]
[EventCountry "ENG"]
[WhiteTeam "Guildford-ADC 1"]
[BlackTeam "The ADs"]

1. d4 Nf6 2. c4 e6 3. Nc3 Bb4 4. Qc2 d5 5. a3 Bxc3+ 6. Qxc3 Ne4 7. Qc2 e5 8.
cxd5 Qxd5 9. f3 Nd6 10. dxe5 Qxe5 11. e4 Nc6 12. Ne2 f5 13. Bf4 Qf6 14. O-O-O
O-O 15. Nc3 Be6 16. Kb1 Rad8 17. Bxd6 Rxd6 18. Rxd6 cxd6 19. Bd3 f4 20. Rd1 Qe5
21. Bb5 Qc5 22. Qd2 Rf6 23. Bxc6 bxc6 24. Ne2 Qc4 25. Nd4 Qa2+ 26. Kc2 Bf7 27.
Qb4 h6 28. Nxc6 Kh7 29. Qc3 Rg6 30. Rg1 a5 31. Ne7 Rg5 32. Nf5 a4 33. g4 Rg6
34. h4 d5 35. h5 Rf6 36. e5 d4 37. Nxd4 Rb6 1-0

[Event "4NCL/Div1/GUI1 vs. AD"]
[Site "Coventry ENG"]
[Date "2006.11.12"]
[Round "4.2"]
[White "Snape, Ian"]
[Black "Gallagher, Joseph G"]
[Result "1/2-1/2"]
[WhiteElo "2217"]
[BlackElo "2520"]
[PlyCount "71"]
[EventDate "2006.11.12"]
[EventType "team"]
[EventRounds "11"]
[EventCountry "ENG"]
[WhiteTeam "The ADs"]
[BlackTeam "Guildford-ADC 1"]

1. c4 g6 2. g3 Bg7 3. Bg2 e5 4. Nc3 d6 5. d3 Nc6 6. Rb1 a5 7. a3 f5 8. e3 Nf6
9. Nge2 O-O 10. b4 axb4 11. axb4 Ne7 12. f4 h6 13. O-O g5 14. b5 Ng6 15. Nd5
Nxd5 16. cxd5 b6 17. Qc2 Ra7 18. Rb4 Bd7 19. e4 gxf4 20. gxf4 exf4 21. Nxf4
Nxf4 22. Bxf4 Qf6 23. Bg3 Qc3 24. Qxc3 Bxc3 25. Rc4 Bd2 26. exf5 Bxf5 27. Be4
Be3+ 28. Bf2 Bh3 29. Bg2 Rxf2 30. Bxh3 Rf3+ 31. Kg2 Rxf1 32. Kxf1 Kg7 33. Be6
Bg5 34. Kf2 Bd8 35. Rg4+ Kf6 36. Ke3 1/2-1/2

[Event "4NCL/Div1/GUI1 vs. AD"]
[Site "Coventry ENG"]
[Date "2006.11.12"]
[Round "4.3"]
[White "Cherniaev, Alexander"]
[Black "Wheeler, Darren P"]
[Result "1/2-1/2"]
[WhiteElo "2472"]
[BlackElo "2234"]
[PlyCount "100"]
[EventDate "2006.11.12"]
[EventType "team"]
[EventRounds "11"]
[EventCountry "ENG"]
[WhiteTeam "Guildford-ADC 1"]
[BlackTeam "The ADs"]

1. e4 e6 2. b3 d5 3. Bb2 dxe4 4. Nc3 Nf6 5. Qe2 Bb4 6. O-O-O Qe7 7. Nxe4 Ba3 8.
Nxf6+ Qxf6 9. d4 Bxb2+ 10. Kxb2 c5 11. Qf3 Qxf3 12. Nxf3 cxd4 13. Nxd4 Bd7 14.
g3 Nc6 15. Nb5 Ke7 16. Bg2 Rhd8 17. Nd6 Bc8 18. Ne4 Rb8 19. Nc5 Rxd1 20. Rxd1
Nd8 21. b4 b6 22. Nb3 Bb7 23. Bxb7 Nxb7 24. Nd4 Rc8 25. Kb3 a6 26. a4 Nd6 27.
b5 e5 28. Nc6+ Ke6 29. Kb4 a5+ 30. Kb3 Ne4 31. f3 Nc5+ 32. Kc4 f6 33. Re1 Kd6
34. f4 exf4 35. gxf4 g6 36. f5 gxf5 37. Ne7 Re8 38. Nxf5+ Kd7 39. Rd1+ Kc7 40.
Rg1 Re4+ 41. Nd4 Kd6 42. Rf1 Ke7 43. Kd5 Re5+ 44. Kc6 Nxa4 45. Kb7 Rc5 46. Rf4
Nc3 47. Kxb6 Rxb5+ 48. Nxb5 Nd5+ 49. Kxa5 Nxf4 50. c4 Nd3 1/2-1/2

[Event "4NCL/Div1/GUI1 vs. AD"]
[Site "Coventry ENG"]
[Date "2006.11.12"]
[Round "4.4"]
[White "Graham, David B"]
[Black "Conquest, Stuart C"]
[Result "0-1"]
[WhiteElo "2223"]
[BlackElo "2530"]
[PlyCount "98"]
[EventDate "2006.11.12"]
[EventType "team"]
[EventRounds "11"]
[EventCountry "ENG"]
[WhiteTeam "The ADs"]
[BlackTeam "Guildford-ADC 1"]

1. e4 c6 2. d4 d5 3. e5 Bf5 4. Bd3 Bxd3 5. Qxd3 e6 6. Ne2 Ne7 7. O-O Qb6 8. Nd2
Qa6 9. c4 Nd7 10. b3 c5 11. Nc3 Nc6 12. Nf3 dxc4 13. bxc4 cxd4 14. Nb5 Rc8 15.
Bf4 Be7 16. Nfxd4 Ncxe5 17. Bxe5 Nxe5 18. Qg3 Bf6 19. Rfe1 Rc5 20. Nb3 Rxc4 21.
Rxe5 O-O 22. N5d4 Rd8 23. Nf3 Bxe5 24. Qxe5 Qd6 25. Qb5 Rb4 26. Qa5 Qb6 27. Qh5
h6 28. Rc1 Rf4 29. Qe5 Rf5 30. Qe2 a5 31. Qc4 Rfd5 32. h3 Rd1+ 33. Rxd1 Rxd1+
34. Kh2 Qxf2 35. Qc8+ Kh7 36. Qxb7 Rd5 37. Qb8 Rf5 38. Qg3 Qxg3+ 39. Kxg3 a4
40. Nbd4 Rc5 41. Kf4 Rc3 42. Nb5 Rc2 43. a3 Rxg2 44. Nc3 Rc2 45. Nb5 g5+ 46.
Ke3 Rb2 47. Nc3 Rb3 48. Kd3 Rxa3 49. Nd4 Ra1 0-1

[Event "4NCL/Div1/GUI1 vs. AD"]
[Site "Coventry ENG"]
[Date "2006.11.12"]
[Round "4.5"]
[White "King, Daniel J"]
[Black "Cafferty, Bernard"]
[Result "1-0"]
[WhiteElo "2534"]
[BlackElo "2207"]
[PlyCount "53"]
[EventDate "2006.11.12"]
[EventType "team"]
[EventRounds "11"]
[EventCountry "ENG"]
[WhiteTeam "Guildford-ADC 1"]
[BlackTeam "The ADs"]

1. g3 Nf6 2. Bg2 d5 3. Nf3 c6 4. O-O Bg4 5. d4 e6 6. Nbd2 Nbd7 7. Re1 c5 8. e4
cxd4 9. exd5 Nxd5 10. Nb3 Bb4 11. Re4 Bh5 12. Rxd4 Ne5 13. Qe2 Nxf3+ 14. Bxf3
Bxf3 15. Qxf3 Qb6 16. Qg4 g6 17. Bh6 Be7 18. Rxd5 exd5 19. Re1 Rd8 20. Bg7 Rg8
21. Qh4 Qd6 22. Bf6 Rd7 23. Qxh7 Rf8 24. Qg7 Qb4 25. c3 Qg4 26. Nd4 Qh3 27. Nb5
1-0

[Event "4NCL/Div1/GUI1 vs. AD"]
[Site "Coventry ENG"]
[Date "2006.11.12"]
[Round "4.6"]
[White "Anderton, David"]
[Black "Flear, Glenn C"]
[Result "0-1"]
[WhiteElo "2254"]
[BlackElo "2471"]
[PlyCount "98"]
[EventDate "2006.11.12"]
[EventType "team"]
[EventRounds "11"]
[EventCountry "ENG"]
[WhiteTeam "The ADs"]
[BlackTeam "Guildford-ADC 1"]

1. d4 d5 2. c4 e6 3. Nc3 c6 4. Nf3 Nf6 5. Bg5 Nbd7 6. cxd5 exd5 7. e3 Be7 8.
Bd3 O-O 9. Qc2 Re8 10. h3 Nf8 11. O-O Bd6 12. e4 dxe4 13. Nxe4 Be7 14. Bxf6
Bxf6 15. Rad1 Be6 16. Ne5 Bd5 17. Nxf6+ Qxf6 18. Ng4 Qe6 19. b3 Rad8 20. Ne3
Qf6 21. Rd2 g6 22. Ng4 Qf4 23. Rfd1 Ne6 24. Bc4 Bxc4 25. Qxc4 Nxd4 26. Nh6+
Qxh6 27. Rxd4 Qg5 28. Qd3 Rxd4 29. Qxd4 a6 30. h4 Qf5 31. Qb6 Qb5 32. Qxb5 axb5
33. Rd7 Re1+ 34. Kh2 Re2 35. Rxb7 Rxa2 36. Rc7 Rc2 37. b4 Rxf2 38. Rxc6 Rf4 39.
Kg3 Rxb4 40. Rb6 h5 41. Kf3 Rxh4 42. Rxb5 Ra4 43. Rb7 h4 44. Rc7 Kg7 45. Rb7 g5
46. Rb5 Rf4+ 47. Ke3 Kg6 48. Ra5 f6 49. Rb5 Kh5 0-1

[Event "4NCL/Div1/GUI1 vs. AD"]
[Site "Coventry ENG"]
[Date "2006.11.12"]
[Round "4.7"]
[White "Shaw, John K"]
[Black "Bellin, Jana"]
[Result "1-0"]
[WhiteElo "2473"]
[BlackElo "2152"]
[PlyCount "45"]
[EventDate "2006.11.12"]
[EventType "team"]
[EventRounds "11"]
[EventCountry "ENG"]
[WhiteTeam "Guildford-ADC 1"]
[BlackTeam "The ADs"]

1. e4 c5 2. b3 d6 3. Bb2 e6 4. f4 Nc6 5. Bb5 Bd7 6. Nf3 Nge7 7. O-O d5 8. d3
Qb6 9. c4 h6 10. Nc3 a6 11. Bxc6 Bxc6 12. Ne5 d4 13. Nb1 g6 14. Nxc6 Qxc6 15.
b4 b6 16. Nd2 Bg7 17. bxc5 bxc5 18. Ba3 Rc8 19. Nb3 Qb6 20. Rb1 O-O 21. Nxc5
Qa5 22. Bb4 Qxa2 23. Rf2 1-0

[Event "4NCL/Div1/GUI1 vs. AD"]
[Site "Coventry ENG"]
[Date "2006.11.12"]
[Round "4.8"]
[White "Wilman, Carey A"]
[Black "Ciuksyte, Dagne"]
[Result "0-1"]
[WhiteElo "2042"]
[BlackElo "2440"]
[PlyCount "102"]
[EventDate "2006.11.12"]
[EventType "team"]
[EventRounds "11"]
[EventCountry "ENG"]
[WhiteTeam "The ADs"]
[BlackTeam "Guildford-ADC 1"]

1. d4 Nf6 2. Nf3 e6 3. g3 c5 4. c3 b6 5. Bg2 Bb7 6. O-O Be7 7. Bg5 h6 8. Bxf6
Bxf6 9. Re1 d6 10. e4 O-O 11. Nbd2 cxd4 12. Nxd4 Be7 13. Nf1 Nd7 14. Ne3 a6 15.
a4 Qc7 16. Qe2 Rac8 17. f4 Nc5 18. Nec2 Qb8 19. Nb4 Qa8 20. Nd3 Nd7 21. Rac1
Bf6 22. e5 dxe5 23. Bxb7 Qxb7 24. Nxe5 Rc5 25. b4 Rd5 26. Ndf3 b5 27. c4 bxc4
28. Qxc4 Bd8 29. Qc6 Qa7+ 30. Kg2 Nxe5 31. Rxe5 Rd3 32. Qe4 Ra3 33. Qc2 Be7 34.
Re4 Rb8 35. Qb2 Rxa4 36. Rec4 Raxb4 37. Rxb4 Bxb4 38. Qa2 a5 39. Ne5 Qb7+ 40.
Kh3 Qe4 41. Rc4 Qe1 42. Qg2 Qd1 43. Qe4 Qf1+ 44. Qg2 Qxg2+ 45. Kxg2 Bd6 46. Nc6
Rb2+ 47. Kf3 Ra2 48. h3 a4 49. Nd4 a3 50. Nb5 Bf8 51. Ra4 Rb2 0-1

[Event "4NCL/Div1/WGR vs. BRI1"]
[Site "Coventry ENG"]
[Date "2006.11.12"]
[Round "4.1"]
[White "Baburin, Alexander"]
[Black "Berzinsh, Roland"]
[Result "1-0"]
[WhiteElo "2541"]
[BlackElo "2445"]
[PlyCount "117"]
[EventDate "2006.11.12"]
[EventType "team"]
[EventRounds "11"]
[EventCountry "ENG"]
[WhiteTeam "Wood Green"]
[BlackTeam "Bristol 1"]

1. d4 Nf6 2. Nf3 e6 3. Bg5 h6 4. Bh4 b6 5. e3 Bb7 6. Bd3 Be7 7. O-O O-O 8. c4
c5 9. Nc3 cxd4 10. exd4 d5 11. cxd5 Nxd5 12. Bg3 Nc6 13. Rc1 Nxc3 14. bxc3 Ba3
15. Rb1 Bd6 16. Bc2 Ba6 17. Re1 Bxg3 18. hxg3 Rc8 19. Rc1 Qd6 20. Bb1 Rfe8 21.
c4 Red8 22. Qc2 Nxd4 23. Qh7+ Kf8 24. Nh4 Rxc4 25. Rxc4 Bxc4 26. Qh8+ Ke7 27.
Qxg7 Ne2+ 28. Kh2 Qd2 29. Rh1 Qg5 30. Qb2 Qc5 31. Rf1 a5 32. Qg7 Qg5 33. Ng6+
Kd6 34. Rd1+ Kc5 35. Rxd8 Qxd8 36. Qxf7 Qd1 37. Qc7+ Kb5 38. Ne5 Qg1+ 39. Kh3
Qh1+ 40. Kg4 h5+ 41. Kg5 Qc1+ 42. f4 Qc3 43. Qc6+ Kb4 44. Qxb6+ Ka3 45. Nxc4+
Qxc4 46. Qxa5+ Kb2 47. Bg6 Nc3 48. a3 Nd5 49. Qd2+ Kxa3 50. Qd3+ Kb4 51. Qxc4+
Kxc4 52. Bf7 Kd4 53. Bxe6 Ne3 54. Kxh5 Nxg2 55. Kg5 Ne1 56. Bg4 Nd3 57. f5 Ke5
58. f6 Kd6 59. Kf5 1-0

[Event "4NCL/Div1/WGR vs. BRI1"]
[Site "Coventry ENG"]
[Date "2006.11.12"]
[Round "4.2"]
[White "Cobb, Charles"]
[Black "Turner, Matthew J"]
[Result "1/2-1/2"]
[WhiteElo "2410"]
[BlackElo "2489"]
[PlyCount "61"]
[EventDate "2006.11.12"]
[EventType "team"]
[EventRounds "11"]
[EventCountry "ENG"]
[WhiteTeam "Bristol 1"]
[BlackTeam "Wood Green"]

1. d4 Nf6 2. c4 g6 3. Nc3 Bg7 4. e4 d6 5. Nf3 O-O 6. Be2 e5 7. dxe5 dxe5 8.
Qxd8 Rxd8 9. Bg5 c6 10. Nxe5 Re8 11. O-O-O Na6 12. Rd6 Be6 13. f4 h6 14. Bh4 g5
15. fxg5 hxg5 16. Bxg5 Nc5 17. Bxf6 Bxf6 18. Nd3 Be7 19. Nxc5 Bxd6 20. Nxb7 Bb4
21. a3 Bxc3 22. bxc3 Rab8 23. Nc5 Bc8 24. Rd1 Kg7 25. Rd6 Rb6 26. a4 a5 27. Bf3
f5 28. Nd7 Rb7 29. Nc5 Rb6 30. Nd7 Rb7 31. Nc5 1/2-1/2

[Event "4NCL/Div1/WGR vs. BRI1"]
[Site "Coventry ENG"]
[Date "2006.11.12"]
[Round "4.4"]
[White "Beaumont, Chris"]
[Black "Tiller, Bjorn"]
[Result "0-1"]
[WhiteElo "2327"]
[BlackElo "2361"]
[PlyCount "64"]
[EventDate "2006.11.12"]
[EventType "team"]
[EventRounds "11"]
[EventCountry "ENG"]
[WhiteTeam "Bristol 1"]
[BlackTeam "Wood Green"]

1. d4 g6 2. e4 Bg7 3. Nc3 a6 4. Be3 d6 5. Qd2 Nd7 6. Nf3 b5 7. Bd3 c5 8. a4 b4
9. Ne2 Qc7 10. Ng3 Bb7 11. c3 bxc3 12. bxc3 Ngf6 13. Bh6 Kf8 14. O-O e6 15.
Rfe1 Ng4 16. Bxg7+ Kxg7 17. Qg5 Ngf6 18. e5 dxe5 19. dxe5 Nd5 20. Nh5+ Kf8 21.
Nf4 Nxc3 22. Qh6+ Ke7 23. Qh4+ Ke8 24. Ng5 Nxe5 25. Nxh7 Bxg2 26. Nf6+ Ke7 27.
N4d5+ exd5 28. Nxd5+ Kd6 29. Qg3 Bxd5 30. Qxe5+ Kc6 31. Qxc3 Qf4 32. Re3 Rxh2
0-1

[Event "4NCL/Div1/WGR vs. BRI1"]
[Site "Coventry ENG"]
[Date "2006.11.12"]
[Round "4.5"]
[White "Sowray, Peter J"]
[Black "Sherwin, James T"]
[Result "1-0"]
[WhiteElo "2339"]
[BlackElo "2255"]
[PlyCount "115"]
[EventDate "2006.11.12"]
[EventType "team"]
[EventRounds "11"]
[EventCountry "ENG"]
[WhiteTeam "Wood Green"]
[BlackTeam "Bristol 1"]

1. c4 c5 2. g3 Nc6 3. Bg2 g6 4. Nc3 Bg7 5. Nf3 d6 6. O-O Nh6 7. d4 cxd4 8. Bxh6
Bxh6 9. Nxd4 Bd7 10. c5 dxc5 11. Nxc6 Bxc6 12. Bxc6+ bxc6 13. Qc2 O-O 14. Na4
Qc7 15. Nxc5 Rfd8 16. Nd3 Rac8 17. Qc4 Rd5 18. Qh4 Rh5 19. Qe4 Qd7 20. Rad1 Rd5
21. Qf3 Rd8 22. b4 Qd6 23. Rb1 Rd4 24. Nc5 Rb8 25. a3 Rb6 26. e3 Rd5 27. Rfd1
Rb8 28. e4 Rd4 29. Rxd4 Qxd4 30. Rd1 Qc4 31. Rd7 a5 32. Rxe7 axb4 33. Ne6 f5
34. exf5 bxa3 35. Kg2 Qd5 36. Qxd5 cxd5 37. f6 Kh8 38. f7 Rf8 39. Re8 a2 40.
Nxf8 Kg7 41. Ra8 a1=Q 42. Ne6+ Kf6 43. Rxa1 Kxe6 44. Ra6+ Kxf7 45. Rd6 Bf8 46.
Rxd5 Be7 47. Kf3 Ke6 48. Ke4 Kf6 49. Ra5 Ke6 50. Ra6+ Kf7 51. Ke5 Bc5 52. Rc6
Ba3 53. Rc7+ Kg8 54. Kf6 Bb2+ 55. Kg5 Bg7 56. Rc8+ Kf7 57. Rc7+ Kg8 58. f4 1-0

[Event "4NCL/Div1/WGR vs. BRI1"]
[Site "Coventry ENG"]
[Date "2006.11.12"]
[Round "4.6"]
[White "Buckley, David E"]
[Black "Pokorna, Regina"]
[Result "0-1"]
[WhiteElo "2241"]
[BlackElo "2342"]
[PlyCount "112"]
[EventDate "2006.11.12"]
[EventType "team"]
[EventRounds "11"]
[EventCountry "ENG"]
[WhiteTeam "Bristol 1"]
[BlackTeam "Wood Green"]

1. d4 Nf6 2. c4 e6 3. Nf3 b6 4. a3 Ba6 5. Qc2 Bb7 6. Nc3 c5 7. e4 cxd4 8. Nxd4
Nc6 9. Nxc6 Bxc6 10. Bf4 Bc5 11. Rd1 O-O 12. Be2 a5 13. O-O Qe7 14. Bf3 Ne8 15.
Rfe1 e5 16. Be3 Rc8 17. Qd3 Nc7 18. Nd5 Bxd5 19. cxd5 Bxe3 20. Qxe3 Qd6 21. Be2
Rfd8 22. Rc1 Ne8 23. Rc3 Rxc3 24. Qxc3 Qc7 25. Qe3 Qc5 26. Qxc5 bxc5 27. Rc1 d6
28. Rc4 Rb8 29. Ra4 Rxb2 30. Bf1 f5 31. exf5 Nf6 32. g3 Kf8 33. Rxa5 Nxd5 34.
Ra8+ Ke7 35. Ra7+ Kf6 36. Rd7 Kxf5 37. Rxd6 Nf6 38. a4 Ra2 39. Bb5 Ra3 40. Rd3
Ra1+ 41. Kg2 Ke6 42. Rd2 e4 43. Bc4+ Ke5 44. f4+ exf3+ 45. Kxf3 Rxa4 46. Bf7 c4
47. Rd8 Rb4 48. Rd1 Rb3+ 49. Ke2 Rb2+ 50. Rd2 c3 51. Rxb2 cxb2 52. Ba2 Kd4 53.
Kd2 Ne4+ 54. Kc2 Nc3 55. Kxb2 Nxa2 56. Kxa2 Ke3 0-1